特急「さざなみ」の停車駅 - Statistics

General Stats
  • This quiz has been taken 73 times
  • The average score is 12 of 15
Answer Stats
特急 停車駅 % Correct
新宿さざ 新宿
100%
さざなみ 東京
98%
両方 蘇我
97%
新宿さざ 千葉
97%
両方 木更津
95%
両方 君津
95%
新宿さざ 錦糸町
95%
新宿さざ 船橋
94%
新宿さざ 館山
90%
両方 五井
89%
さざなみ 姉ケ崎
75%
新宿さざ 浜金谷
65%
新宿さざ 保田
46%
新宿さざ 富浦
43%
新宿さざ 岩井
38%
No matching quizzes found
Score Distribution
Percent of People with Each Score
Percentile by Number Answered
Your Score History
You have not taken this quiz